[Event "LTC Open A"]
[Site "Leiden NED"]
[Date "2009.07.13"]
[Round "4"]
[White "Miedema,R"]
[Black "Van den Doel,E"]
[Result "0-1"]
[WhiteElo "2432"]
[BlackElo "2590"]

1.d4 Nf6 2.c4 e6 3.Nc3 Bb4 4.Qc2 O-O 5.Nf3 c5 6.dxc5 Na6 7.c6 bxc6 8.a3 Bxc3+
9.Qxc3 Nc5 10.Qc2 a5 11.Be3 Qb6 12.g3 Ng4 13.Bd4 d6 14.h3 Nf6 15.Rd1 Rd8
16.Bg2 Rb8 17.O-O Ba6 18.Rb1 e5 19.Be3 Qb3 20.Rfc1 Bc8 21.g4 Nfe4 22.Nd2 Qxc2
23.Rxc2 Nxd2 24.Bxd2 Nb3 25.Bc3 c5 26.e3 Be6 27.Be1 f5 28.Bf3 fxg4 29.hxg4 h5
30.Bd5 Kf7 31.f3 Rh8 32.Bxe6+ Kxe6 33.gxh5 Rxh5 34.Rg2 g5 35.a4 Rf8 36.Rg3 Rh4
37.f4 gxf4 38.Rg6+ Kf5 39.Bxh4 Kxg6 40.Be7 Rf7 41.Bxd6 Nd2 42.Rc1 f3 43.Rf1 f2+
44.Kg2 Nxf1 45.Kxf1 Kf5  0-1

[Event "1st Artemis Cup"]
[Site "Leros GRE"]
[Date "2009.07.14"]
[Round "4"]
[White "De Jong,JW"]
[Black "Mastrovasilis,A"]
[Result "1/2-1/2"]
[WhiteElo "2464"]
[BlackElo "2503"]

1.d4 Nf6 2.c4 e6 3.Nc3 Bb4 4.Qc2 O-O 5.e4 d6 6.a3 Bxc3+ 7.bxc3 Nbd7 8.Bd3 c5
9.Ne2 Qc7 10.Ng3 b5 11.cxb5 a6 12.b6 Nxb6 13.Bg5 Nbd7 14.O-O cxd4 15.cxd4 Qxc2
16.Bxc2 Bb7 17.Rfc1 Rfc8 18.Rab1 Bc6 19.d5 exd5  1/2-1/2

[Event "6th South Wales Int"]
[Site "Treforest WLS"]
[Date "2009.07.16"]
[Round "9"]
[White "Vickery,S"]
[Black "Davis,Le"]
[Result "0-1"]
[WhiteElo "1782"]
[BlackElo "1948"]

1.d4 Nf6 2.c4 e6 3.Nc3 Bb4 4.Qc2 O-O 5.e3 b6 6.Nf3 Bb7 7.Be2 Ne4 8.Bd2 Nxd2
9.Qxd2 d5 10.a3 Bxc3 11.Qxc3 dxc4 12.Qxc4 Nd7 13.b4 a5 14.O-O Bd5 15.Qc2 c5
16.bxc5 bxc5 17.dxc5 Rc8 18.Rac1 Nxc5 19.Qb2 Qe7 20.Qb5 h6 21.Qxa5 Nb3  0-1

[Event "32nd Taminco Open"]
[Site "Ghent BEL"]
[Date "2009.07.18"]
[Round "2"]
[White "Van Eetvelde,W"]
[Black "Dgebuadze,A"]
[Result "0-1"]
[WhiteElo "2011"]
[BlackElo "2516"]

1.d4 Nf6 2.c4 e6 3.Nc3 Bb4 4.Qc2 O-O 5.a3 Bxc3+ 6.bxc3 d6 7.e4 e5 8.Bd3 Nc6
9.Ne2 b6 10.Bg5 h6 11.Bh4 Re8 12.f3 Ba6 13.O-O g5 14.Bf2 Na5 15.Qa2 Qd7 16.Rad1 Qa4
17.c5 Bxd3 18.Rxd3 bxc5 19.dxc5 dxc5 20.Bxc5 Qb5 21.Bb4 Qxd3 22.Bxa5 Qb5
23.Bb4 Qb6+  0-1

[Event "Politiken Cup"]
[Site "Helsingor DEN"]
[Date "2009.07.19"]
[Round "2"]
[White "Porte,H"]
[Black "Hammer,J"]
[Result "0-1"]
[WhiteElo "2115"]
[BlackElo "2583"]

1.d4 Nf6 2.c4 e6 3.Nc3 Bb4 4.Qc2 O-O 5.e4 d6 6.Bd3 Nc6 7.Ne2 Ba5 8.a3 Bb6
9.Be3 Ng4 10.b4 e5 11.Nd5 Bxd4 12.Bxd4 Nxd4 13.Nxd4 exd4 14.O-O c6 15.Nf4 Qh4
16.Nh3 c5 17.Qd2 f5 18.exf5 Ne5 19.Nf4 Qg5 20.Qc1 Nxd3 21.Nxd3 Qxf5 22.Qd2 Be6
23.Rac1 b6 24.f3 Qf7 25.Qa2 b5  0-1

[Event "Open"]
[Site "Rethymno GRE"]
[Date "2009.07.19"]
[Round "9"]
[White "Turova,I"]
[Black "Neverov,V"]
[Result "1/2-1/2"]
[WhiteElo "2387"]
[BlackElo "2561"]

1.d4 Nf6 2.c4 e6 3.Nc3 Bb4 4.Qc2 O-O 5.a3 Bxc3+ 6.Qxc3 b6 7.Bg5 Bb7 8.e3 d6
9.Nf3 Nbd7 10.Nd2 c5 11.dxc5 bxc5 12.f3 a5 13.Bd3 a4 14.O-O Qa5 15.Qc2 Rfb8
16.Rab1 Ra6 17.Rfd1 Rb6 18.Bf4 Qa8 19.Bg3 e5 20.Bf5 g6 21.Bh3 Bc6 22.Nf1 Ne8
23.Bxd7 Bxd7 24.Bxe5 Bf5 25.e4 Bxe4 26.fxe4 dxe5 27.Ne3 Rb3 28.Nd5 Qb7 29.Nc3 Qa6
30.Nb5 Ng7 31.Qf2 Qc6 32.Rd5 Ne6 33.Qf6 Nd4 34.Qxe5 Qe8 35.Qxe8+ Rxe8 36.Nxd4 cxd4
37.Rxd4 Reb8 38.c5 Rxb2 39.Rxb2 Rxb2 40.Rc4 Kf8 41.c6 Rb8 42.Rxa4 Rb1+ 43.Kf2 Rc1
44.Ra6 Ke7 45.a4 Kd6 46.c7+ Kxc7 47.Ra7+ Kd6  1/2-1/2

[Event "13th Battle of Senta Open A"]
[Site "Senta SRB"]
[Date "2009.07.19"]
[Round "2"]
[White "Damjanovic,D"]
[Black "Milosevic,Rad"]
[Result "0-1"]
[WhiteElo "2230"]
[BlackElo "2104"]

1.d4 Nf6 2.c4 e6 3.Nc3 Bb4 4.Qc2 O-O 5.a3 Bxc3+ 6.Qxc3 b6 7.Bg5 Bb7 8.e3 d6
9.Ne2 Nbd7 10.Qc2 c5 11.Rd1 Qc7 12.Nc3 a6 13.Be2 Rac8 14.O-O cxd4 15.Rxd4 d5
16.Rfd1 dxc4 17.Rxc4 Qe5 18.Bf4 Qa5 19.Ra4 Qc5 20.Bxa6 Qc6 21.Bxb7 Qxb7 22.Qe2 e5
23.Bg5 h6 24.Bxf6 Nxf6 25.h3 Rfd8 26.Rb4 Qc6 27.Rxd8+ Rxd8 28.Qb5 Qxb5 29.Rxb5 Nd7
30.Nd5 Ra8 31.Kf1 f6 32.Ke2 Kf7 33.h4 h5 34.g3 g5 35.hxg5 fxg5 36.Rb4 Rb8
37.a4 Ke6 38.Rb5 Kd6 39.Kf1 Kc6 40.Ne7+ Kd6 41.Nf5+ Kc6 42.Rb3 Nc5 43.Rc3 Kd5
44.b3 Rf8 45.Ng7 h4 46.gxh4 gxh4 47.a5 Rf7 48.Nh5 bxa5 49.f4 Rf5 50.Ng7 Rf6
51.Ne8 Rf7 52.Kg2 exf4 53.exf4 Ne6 54.Kh3 Rxf4 55.Nc7+ Nxc7 56.Rxc7 Rf3+
57.Kxh4 Rxb3 58.Ra7 Rb5 59.Kg3 Kc4 60.Kf4 Kb3 61.Ke4 a4 62.Rh7 Rc5 63.Rb7+ Kc3
64.Ra7 Rc4+ 65.Ke3 Kc2 66.Ra8 Rc3+ 67.Ke2 a3 68.Ra7 Kb2 69.Kd2 Rb3 70.Rc7 a2
71.Rc2+ Ka3 72.Rc7 a1=Q  0-1

[Event "13th Battle of Senta Open A"]
[Site "Senta SRB"]
[Date "2009.07.19"]
[Round "2"]
[White "Krstic,P"]
[Black "Savic,Miod1"]
[Result "0-1"]
[WhiteElo "2309"]
[BlackElo "2535"]

1.d4 Nf6 2.c4 e6 3.Nc3 Bb4 4.Qc2 O-O 5.a3 Bxc3+ 6.Qxc3 Ne4 7.Qc2 f5 8.Nf3 d6
9.b4 Nd7 10.Bb2 Ndf6 11.e3 Ng4 12.Be2 Nexf2 13.O-O Ne4 14.Qb3 Bd7 15.Rac1 Qf6
16.h3 Ng3 17.Rfe1 Qh6 18.Nd2 Nxe2+ 19.Rxe2 Nf6 20.c5 d5 21.b5 Be8 22.b6 Bh5
23.Rf2 axb6 24.cxb6 c6 25.a4 Ra6 26.Ba3 Rfa8 27.Bd6 Nd7 28.Bc7 Rxa4 29.Rxc6 Ra3
30.Qb2 bxc6 31.b7 Qxe3 32.Nb1 R3a7 33.bxa8=R+ Rxa8 34.Qb7 Ra2 35.Bg3 Nf8  0-1

[Event "Najdorf Mem Open"]
[Site "Warsaw POL"]
[Date "2009.07.19"]
[Round "2"]
[White "Choroszej,A"]
[Black "Graca,R"]
[Result "0-1"]
[WhiteElo "2067"]
[BlackElo "2183"]

1.d4 Nf6 2.c4 e6 3.Nc3 Bb4 4.Qc2 O-O 5.e3 b6 6.Bd3 d5 7.Ne2 Bb7 8.O-O dxc4
9.Bxc4 Nbd7 10.a3 Bd6 11.f4 c5 12.Ng3 cxd4 13.exd4 Rc8 14.Qe2 Re8 15.Bd3 Bb8
16.Be3 Nf8 17.Nh5 Nxh5 18.Qxh5 Bd6 19.Ne4 Be7 20.Rad1 Qd5 21.Qxd5 Bxd5 22.Nc3 Bb3
23.Rd2 g6 24.g4 Nd7 25.f5 exf5 26.gxf5 Bxa3 27.Bh6 Bf8 28.Bxf8 Nxf8 29.Ne4 Red8
30.Ba6 Rc2 31.Rf4 gxf5 32.Rxc2 Bxc2 33.Ng3 Ne6 34.Rf2 Nxd4 35.Bf1 Be4 36.Bg2 Re8
37.Rd2 Bxg2 38.Kxg2 f4 39.Nh5 Re2+ 40.Rxe2 f3+ 41.Kf2 fxe2 42.Nf6+ Kg7 43.Ne8+ Kg6
44.Nd6 b5 45.b4 f5 46.Nc8 f4 47.Nxa7 f3 48.Nc8 Nc2  0-1

[Event "17th Open"]
[Site "Saint Affrique FRA"]
[Date "2009.07.21"]
[Round "5"]
[White "Flear,G"]
[Black "Boudre,JP"]
[Result "1-0"]
[WhiteElo "2490"]
[BlackElo "2337"]

1.d4 Nf6 2.c4 e6 3.Nc3 Bb4 4.Qc2 O-O 5.a3 Bxc3+ 6.Qxc3 d5 7.e3 b6 8.b3 Bb7
9.Bb2 Nbd7 10.Nf3 c5 11.dxc5 Nxc5 12.Rd1 Qe7 13.Be2 Rac8 14.O-O Rfd8 15.Ba1 dxc4
16.Bxc4 Nce4 17.Rxd8+ Rxd8 18.Qb2 Bd5 19.Bxd5 Rxd5 20.b4 a5 21.h3 axb4 22.axb4 h6
23.Rc1 Qd7 24.Qc2 Qb7 25.Nd4 Rd8 26.f3 Ng3 27.Kf2 Nfh5 28.Nc6 Rd5 29.e4 Rg5
30.h4 Rg6 31.Qd2 Kh7 32.b5 Qa8 33.Be5 f6 34.Ra1 Qe8 35.Bd6 e5 36.Ne7 Rg4
37.Qd5 Nh1+ 38.Kg1 Nf4 39.Ra8 Rxg2+ 40.Kxh1 Nxd5 41.Rxe8 Nf4 42.Nd5  1-0

[Event "Najdorf Mem Open"]
[Site "Warsaw POL"]
[Date "2009.07.22"]
[Round "5"]
[White "Parczewski,J"]
[Black "Zwolakiewicz,K"]
[Result "0-1"]
[WhiteElo "2023"]
[BlackElo "2057"]

1.d4 Nf6 2.c4 e6 3.Nc3 Bb4 4.Qc2 O-O 5.a3 Bxc3+ 6.Qxc3 b6 7.Bg5 Ba6 8.e3 d6
9.Bd3 Nbd7 10.Ne2 c5 11.O-O Rc8 12.Qb3 cxd4 13.exd4 e5 14.Rac1 h6 15.Bxf6 Nxf6
16.f3 Rc7 17.Rfd1 Qe7 18.Re1 Nh5 19.Qa4 Bb7 20.d5 Bc8 21.Qd1 Qg5 22.Kh1 f5
23.Rc3 Re7 24.Bc2 Qh4 25.b4 a5 26.g3 Qh3 27.Kg1 axb4 28.axb4 f4 29.g4 Bxg4
30.fxg4 f3 31.Rxf3 Rxf3 32.gxh5 Ref7 33.Bg6 Rf8 34.Nf4 R8xf4 35.Qe2 Rg4+
36.Kh1 Rgf4 37.Kg1 Rf2 38.Qxf2 Rxf2 39.Kxf2 Qxh2+ 40.Kf3 Qf4+ 41.Kg2 Qg4+
42.Kf1 Qxc4+ 43.Kf2 Qxd5 44.Rc1 Qd2+  0-1

[Event "Najdorf Mem Open"]
[Site "Warsaw POL"]
[Date "2009.07.22"]
[Round "5"]
[White "Denderski,P"]
[Black "Winski,L"]
[Result "1/2-1/2"]
[WhiteElo "2261"]
[BlackElo "2075"]

1.d4 Nf6 2.c4 e6 3.Nc3 Bb4 4.Qc2 O-O 5.e4 Bxc3+ 6.bxc3 d6 7.Bd3 e5 8.Ne2 Nc6
9.O-O Re8 10.f4 exd4 11.cxd4 Nb4 12.Qc3 Nxd3 13.Qxd3 Nxe4 14.f5 d5 15.c5 b6
16.f6 g6 17.Ng3 a5 18.Nxe4 Rxe4 19.Qd2 Ba6 20.Rf2 Re6 21.cxb6 cxb6 22.Ba3 Rxf6
23.Re1 Rxf2 24.Qxf2 Ra7 25.Qe3 Bc4 26.Be7 Rxe7 27.Qxe7 Qxe7 28.Rxe7 Bxa2
29.Rb7 Bc4 30.Rxb6 a4 31.Rb8+ Kg7 32.Ra8 Bb3 33.Kf2 Kf6  1/2-1/2

[Event "MTO"]
[Site "Biel SUI"]
[Date "2009.07.23"]
[Round "4"]
[White "Roiz,M"]
[Black "Cebalo,M"]
[Result "1-0"]
[WhiteElo "2658"]
[BlackElo "2476"]

1.d4 Nf6 2.c4 e6 3.Nc3 Bb4 4.Qc2 O-O 5.a3 Bxc3+ 6.Qxc3 Ne4 7.Qc2 f5 8.g3 b5
9.cxb5 c6 10.Bg2 cxb5 11.Nh3 Bb7 12.O-O Qc8 13.Qd1 Nf6 14.f3 Qc4 15.Be3 Nc6
16.Nf4 Nd5 17.Nxd5 Qxd5 18.f4 Qd6 19.d5 Na5 20.b4 Nc4 21.Bc5 Qc7 22.Bxf8 Kxf8
23.Qd4 Bxd5 24.Bxd5 exd5 25.Qxd5 Qb6+ 26.Rf2 Re8 27.Qxf5+ Kg8 28.e4 Qe3 29.Qd5+ Kf8
30.e5  1-0

[Event "Synthesia Rapid Open"]
[Site "Pardubice CZE"]
[Date "2009.07.23"]
[Round "8"]
[White "Golichenko,I"]
[Black "Chernyshov,K"]
[Result "0-1"]
[WhiteElo "2420"]
[BlackElo "2555"]

1.d4 Nf6 2.c4 e6 3.Nc3 Bb4 4.Qc2 O-O 5.a3 Bxc3+ 6.Qxc3 b6 7.Bg5 Bb7 8.f3 c5
9.d5 exd5 10.Bxf6 Qxf6 11.Qxf6 gxf6 12.cxd5 Bxd5 13.e4 Be6 14.Bb5 a6 15.Ba4 f5
16.exf5 Bxf5 17.O-O-O Be6 18.Ne2 b5 19.Bc2 Nc6 20.Rd6 Ne5 21.b3 c4 22.b4 a5
23.Nc3 axb4 24.axb4 Nc6 25.Nxb5 Rfb8 26.Nc3 Nxb4 27.Kd2 Nxc2 28.Kxc2 Bf5+
29.Kd2 Rb2+ 30.Ke3 Ra3 31.Rc1 Rxg2 32.Kf4 Be6 33.h4 Ra5 34.Ne4 Rf5+ 35.Ke3 h6
36.Nd2 Re5+ 37.Kf4 Rh5 38.Rh1 Kg7 39.Ne4 Rd5 40.Rb6 f5 41.Nd6 Kf6 42.Rc1 Rd4+
43.Ke3 Rd3+ 44.Kf4 Rf2 45.Ne8+ Ke7  0-1

[Event "13th Battle of Senta Open A"]
[Site "Senta SRB"]
[Date "2009.07.23"]
[Round "7"]
[White "Damjanovic,D"]
[Black "Restas,P"]
[Result "1-0"]
[WhiteElo "2230"]
[BlackElo "2301"]

1.d4 Nf6 2.c4 e6 3.Nc3 Bb4 4.Qc2 O-O 5.a3 Bxc3+ 6.Qxc3 b6 7.Bg5 Bb7 8.e3 h6
9.Bh4 d5 10.cxd5 g5 11.Bg3 Nxd5 12.Qc2 Qe7 13.h4 g4 14.e4 Nf6 15.f3 c5 16.dxc5 bxc5
17.Qd2 Rd8 18.Qxh6 gxf3 19.gxf3 Nc6 20.Rh2 Nh7 21.Rg2 Kh8 22.Bd6 Qf6 23.Qxf6+ Nxf6
24.Bxc5 Nh5 25.Be3 Kh7 26.Rg5 Nf6 27.Rc1 Rac8 28.Rb5 Rd7 29.Rxb7 Rxb7 30.Ba6 Rbc7
31.Bxc8 Rxc8 32.Ne2 Ne7 33.Rxc8 Nxc8 34.Nd4 Nd7 35.Nc6 a6 36.a4 Nd6 37.b3 Kg6
38.Nb4 a5 39.Nc6 Nb7 40.Bd2 Ndc5 41.Nxa5 Nxa5 42.Bxa5 Nxb3 43.Bb6  1-0

[Event "Czech Open A"]
[Site "Pardubice CZE"]
[Date "2009.07.24"]
[Round "1"]
[White "Krensing,J"]
[Black "Stocek,J"]
[Result "0-1"]
[WhiteElo "2299"]
[BlackElo "2584"]

1.d4 Nf6 2.c4 e6 3.Nc3 Bb4 4.Qc2 O-O 5.a3 Bxc3+ 6.Qxc3 h6 7.g3 d6 8.Bg2 Re8
9.Nf3 Qe7 10.O-O e5 11.dxe5 dxe5 12.b4 c5 13.b5 e4 14.Ne1 Nbd7 15.Nc2 a6
16.Rd1 axb5 17.cxb5 Nb6 18.Ne3 Bd7 19.Rb1 Rec8 20.Bb2 Be6 21.Qc2 c4 22.Bxf6 Qxf6
23.Bxe4 Qe7 24.Nf5 Bxf5 25.Bxf5 Re8 26.Bg4 Rxa3 27.Bf3 c3 28.Rd3 Qc7 29.Rbd1 g6
30.Rd6 Kg7 31.h4 Nc4 32.Rd7 Qe5 33.Rxb7 Re7 34.Rxe7 Qxe7 35.Rd3 Qb4 36.Rd1 Qxb5
37.Rb1 Qa5 38.Rc1 Ra1 39.Be4 Qa3 40.Rxa1 Qxa1+ 41.Kg2 Nd2 42.Kh3 Nxe4 43.Qxe4 Qf1+
44.Kh2 Qxf2+ 45.Kh1 Qxg3  0-1

[Event "13th Battle of Senta Open A"]
[Site "Senta SRB"]
[Date "2009.07.24"]
[Round "8"]
[White "Krstic,P"]
[Black "Mirkovic,St"]
[Result "1-0"]
[WhiteElo "2309"]
[BlackElo "2242"]

1.d4 Nf6 2.c4 e6 3.Nc3 Bb4 4.Qc2 O-O 5.a3 Bxc3+ 6.Qxc3 b6 7.Bg5 Bb7 8.e3 d6
9.Ne2 Nbd7 10.Qc2 c5 11.Rd1 cxd4 12.Rxd4 h6 13.Bh4 Qc7 14.Nc3 a6 15.f3 e5
16.Rd2 Nc5 17.Bxf6 gxf6 18.Qf5 Kg7 19.h4 Bc8 20.Qxf6+ Kxf6 21.Nd5+ Kg7 22.Nxc7 Ra7
23.Nd5 Rb7 24.Nc3 Rd8 25.b4 Ne6 26.Be2 f5 27.Kf2 Nc7 28.Rhd1 Ne8 29.f4 exf4
30.exf4 Be6 31.Re1 Kf6 32.Bf3 Rbb8 33.Bc6 Nc7 34.Red1 Ke7 35.Nd5+ Bxd5 36.Bxd5 Nxd5
37.Rxd5 Ke6 38.c5 bxc5 39.bxc5 Rb2+ 40.Kf1 Rc8 41.Rxd6+ Kf7 42.R1d5 Rg8 43.Rxf5+ Ke7
44.Re5+ Kf7 45.Re2 Rb1+ 46.Kf2 Rc1 47.Rxa6 Rxc5 48.Rxh6 Rc3 49.Rh5 Rg4 50.Rf5+ Kg6
51.Rg5+ Rxg5 52.hxg5 Kf5 53.Re3  1-0

[Event "Czech Open A"]
[Site "Pardubice CZE"]
[Date "2009.07.25"]
[Round "2"]
[White "Akesson,R"]
[Black "Palecek,P"]
[Result "1-0"]
[WhiteElo "2469"]
[BlackElo "2260"]

1.d4 Nf6 2.c4 e6 3.Nc3 Bb4 4.Qc2 O-O 5.a3 Bxc3+ 6.Qxc3 d6 7.Bg5 h6 8.Bh4 Qe7
9.e3 Nbd7 10.Bd3 Re8 11.Ne2 e5 12.f3 c5 13.O-O b6 14.Rad1 cxd4 15.exd4 Ba6
16.b3 Rac8 17.Bf5 Rc7 18.Bxd7 Rxd7 19.dxe5 dxe5 20.Bxf6 gxf6 21.Rxd7 Qxd7
22.Qc1 Qd3 23.Nc3 Kg7 24.Rd1 Qf5 25.Ne4 Qg6 26.Nd6 Rf8 27.b4 Qg5 28.Qc3 Bc8
29.c5 bxc5 30.bxc5 Qf4 31.c6 Qa4 32.Rd2 Qa6 33.h3 Qb6+ 34.Kh1 Rd8 35.Qb4 Qxb4
36.axb4  1-0

[Event "Czech Open A"]
[Site "Pardubice CZE"]
[Date "2009.07.26"]
[Round "3"]
[White "Golichenko,I"]
[Black "Zakhartsov,Vi"]
[Result "1-0"]
[WhiteElo "2420"]
[BlackElo "2541"]

1.d4 Nf6 2.c4 e6 3.Nc3 Bb4 4.Qc2 O-O 5.a3 Bxc3+ 6.Qxc3 d6 7.Bg5 Nbd7 8.e3 b6
9.Bd3 h6 10.Bh4 Ba6 11.Ne2 Rc8 12.O-O c5 13.Qb3 d5 14.Qa4 cxd4 15.Bxf6 Nc5
16.Bxd8 Nxa4 17.Be7 Rfe8 18.Bb4 Nxb2 19.Bc2 d3 20.Rfb1 dxc2 21.Rxb2 Rxc4
22.Rc1 Rxb4 23.axb4 Bxe2 24.Rbxc2 Bc4 25.f3 a5 26.bxa5 bxa5 27.Ra1 a4 28.Rc3 Bb3
29.Rc7 g5 30.Kf2 Rd8 31.Ke2 d4 32.e4 d3+ 33.Kd2 Kg7 34.Rb1 Kg6 35.Rc3 Bc2
36.Rb7 f5 37.Rc6 Re8 38.g4 fxg4 39.fxg4 Kf6 40.Rc5 Kg6 41.e5 h5 42.h3 hxg4
43.hxg4 Bb3 44.Rcc7 Rg8 45.Re7 Kh6 46.Ra7 Kg6 47.Kxd3 Kh6 48.Kc3 Rc8+ 49.Kb2 Rg8
50.Ka3 Kg6 51.Rf7 Kh6 52.Rf6+ Rg6 53.Rxg6+ Kxg6 54.Rxa4 Bd1 55.Rd4 Bf3 56.Kb4 Kf7
57.Kc5 Ke7 58.Rd2 Bxg4 59.Rg2 Bf3 60.Rxg5 Kf7 61.Kd6 Bd5 62.Rg4 Bb3 63.Rf4+ Ke8
64.Rf6  1-0

[Event "2nd Open"]
[Site "Paleohora GRE"]
[Date "2009.07.27"]
[Round "8"]
[White "Moradiabadi,E"]
[Black "Vuilleumier,A"]
[Result "1/2-1/2"]
[WhiteElo "2542"]
[BlackElo "2304"]

1.d4 Nf6 2.c4 e6 3.Nc3 Bb4 4.Qc2 O-O 5.a3 Bxc3+ 6.Qxc3 b6 7.Bg5 Bb7 8.e3 h6
9.Bh4 d6 10.Ne2 Nbd7 11.Qd3 c5 12.Nc3 Qe7 13.Be2 cxd4 14.Qxd4 Nc5 15.O-O Nb3
16.Bxf6 gxf6 17.Qg4+ Kh7 18.Qh4 Nxa1 19.Bd3+ Kg7 20.Rxa1 Rh8 21.Rd1 Rac8
22.Bf1 Rc5 23.Qg3+ Rg5 24.Qxd6 Qxd6 25.Rxd6 Rg8 26.Rd7 Bxg2 27.Bxg2 Kh8 28.Rxf7 Rxg2+
29.Kf1 f5 30.Rxa7 Rxh2 31.Rb7 h5 32.Rxb6 h4 33.Rxe6 h3 34.Ke2 Kh7 35.Re7+ Kh6
36.Re6+ Kh7 37.Re7+ Kh6 38.Re6+ Kg7 39.Re7+ Kh6 40.Re6+ Kg7 41.Re7+ Kg6 42.Nd5 Rh8
43.Nf4+ Kf6 44.Nd5+ Kg6 45.Nf4+ Kf6 46.Nd5+ Kg6  1/2-1/2

[Event "ZMD Open"]
[Site "Dresden GER"]
[Date "2009.07.28"]
[Round "4"]
[White "Dorn,Mat"]
[Black "Grosse,Mar"]
[Result "0-1"]
[WhiteElo "1915"]
[BlackElo "1925"]

1.d4 Nf6 2.c4 e6 3.Nc3 Bb4 4.Qc2 O-O 5.a3 Bxc3+ 6.Qxc3 Ne4 7.Qc2 f5 8.Nh3 d6
9.f3 Nf6 10.e3 b6 11.Bd3 Bb7 12.O-O Qe7 13.b4 Nbd7 14.Bb2 c5 15.Rfe1 g6 16.Nf2 e5
17.d5 Nh5 18.f4 Rae8 19.Qc3 a6 20.g3 Qf6 21.Qb3 Qd8 22.Be2 Nhf6 23.Bf3 Ba8
24.Bg2 Re7 25.Nd3 e4 26.Nf2 Kf7 27.Kf1 Rg8 28.Ke2 Qc7 29.Kd2 h6 30.Rh1 Nh5
31.Raf1 Ndf6 32.Bh3 Ree8 33.Qc3 Qe7 34.g4 Nxf4 35.gxf5 g5 36.exf4 e3+ 37.Kc2 exf2
38.Qxf6+ Qxf6 39.Bxf6 Kxf6 40.fxg5+ Rxg5 41.bxc5 bxc5 42.Kd2 Re4 43.Rxf2 Rxc4
44.Rb1 Bxd5 45.Rb8 Bf7 46.Rh8 Rh4 47.Rf3 Rgh5 48.Bf1 Rxh2+ 49.Ke3 Rxf5 50.Rxf5+ Kxf5
51.Rf8 Kg6 52.Rd8 d5 53.Rd6+ Kf5 54.Rxa6 Ke5 55.Rc6 d4+ 56.Kd3 c4+  0-1

[Event "ZMD Open"]
[Site "Dresden GER"]
[Date "2009.07.28"]
[Round "4"]
[White "Hilverda,A"]
[Black "Ghaem Maghami,E"]
[Result "0-1"]
[WhiteElo "2243"]
[BlackElo "2589"]

1.d4 Nf6 2.c4 e6 3.Nc3 Bb4 4.Qc2 O-O 5.a3 Bxc3+ 6.Qxc3 b6 7.Bg5 Bb7 8.f3 c5
9.dxc5 bxc5 10.e4 d6 11.O-O-O Nc6 12.Bxf6 gxf6 13.Ne2 e5 14.Ng3 Nd4 15.Qe3 Kh8
16.Nh5 Rg8 17.g3 f5 18.h4 Rb8 19.Bh3 Bc8 20.b4 fxe4 21.Bxc8 Qxc8 22.fxe4 Qe6
23.Qd3 Qh6+  0-1

[Event "Czech Open A"]
[Site "Pardubice CZE"]
[Date "2009.07.28"]
[Round "5"]
[White "Bente,B"]
[Black "Biriukov,O"]
[Result "0-1"]
[WhiteElo "2252"]
[BlackElo "2367"]

1.d4 Nf6 2.c4 e6 3.Nc3 Bb4 4.Qc2 O-O 5.a3 Bxc3+ 6.Qxc3 b6 7.Bg5 c5 8.dxc5 bxc5
9.Nf3 Bb7 10.Bxf6 Qxf6 11.Qxf6 gxf6 12.e3 a5 13.Be2 Ra6 14.O-O-O Rd8 15.Nd2 Kf8
16.Rhg1 Ke7 17.Bf3 Bc6 18.Kc2 Rb6 19.Rb1 d6 20.Kc3 Nd7 21.b4 axb4+ 22.axb4 cxb4+
23.Rxb4 Rxb4 24.Kxb4 Bxf3 25.Nxf3 Nc5 26.Nd2 Nd3+ 27.Kc3 Nxf2 28.h3 Rg8 29.Kd4 Nxh3  0-1

[Event "Czech Open A"]
[Site "Pardubice CZE"]
[Date "2009.08.01"]
[Round "9"]
[White "Golichenko,I"]
[Black "Teske,H"]
[Result "0-1"]
[WhiteElo "2420"]
[BlackElo "2536"]

1.d4 Nf6 2.c4 e6 3.Nc3 Bb4 4.Qc2 O-O 5.a3 Bxc3+ 6.Qxc3 b5 7.cxb5 c6 8.Bg5 cxb5
9.Qf3 Nc6 10.Bxf6 gxf6 11.Rd1 b4 12.d5 Ne5 13.Qg3+ Kh8 14.axb4 Rg8 15.Qc3 Bb7
16.f4 Ng6 17.dxe6 fxe6 18.f5 exf5 19.Rd6 Rc8 20.Qd4 Rc1+ 21.Kd2 Rxf1 22.Nh3 Rxh1
23.Rxf6 Rg7 24.Rf7 Qg8 25.Rxd7 Bc6 26.Rd8 Be8 27.g4 fxg4 28.Ng5 Rf1 29.Ne4 Rf8
30.Nf6 Qe6 31.Nh5 Qe5 32.Qxe5 Nxe5 33.Nxg7 Kxg7 34.Ra8 Bb5  0-1

[Event "14th Open"]
[Site "Creon FRA"]
[Date "2009.08.02"]
[Round "9"]
[White "Jolly,J"]
[Black "Nguyen Chi Minh"]
[Result "1-0"]
[WhiteElo "2366"]
[BlackElo "2447"]

1.d4 Nf6 2.c4 e6 3.Nc3 Bb4 4.Qc2 O-O 5.a3 Bxc3+ 6.Qxc3 b6 7.Bg5 Bb7 8.f3 c5
9.dxc5 bxc5 10.e3 h6 11.Bh4 d5 12.Bd3 d4 13.exd4 cxd4 14.Qc2 Nbd7 15.Nh3 g5
16.Bg3 e5 17.Nf2 Rc8 18.O-O h5 19.Ne4 Nd5 20.Qb3 N5b6 21.Rae1 Bxe4 22.Bxe4 h4
23.Bf2 Nxc4 24.Bf5 Rc7 25.f4 Nd2 26.Qd1 Nxf1 27.Qh5 Re8 28.Qh7+ Kf8 29.Qh6+ Kg8
30.Bh7+  1-0

[Event "University of Twente YM"]
[Site "Enschede NED"]
[Date "2009.08.02"]
[Round "3"]
[White "Miedema,R"]
[Black "Van Oosterom,C"]
[Result "1/2-1/2"]
[WhiteElo "2432"]
[BlackElo "2402"]

1.d4 Nf6 2.c4 e6 3.Nc3 Bb4 4.Qc2 O-O 5.Nf3 c5 6.dxc5 Na6 7.c6 d5 8.a3 Bxc3+
9.Qxc3 Ne4 10.Qc2 Qa5+ 11.Nd2 Nb4 12.Qb1 Nxc6 13.b4 Nxd2 14.Bxd2 Qd8 15.e3 dxc4
16.Qe4 Qd5 17.Qxc4 Qxc4 18.Bxc4 Ne5 19.Be2 Rd8 20.O-O-O Nd3+ 21.Bxd3 Rxd3
22.Bc3 Rd7 23.h4 f6 24.h5 Kf7 25.h6 g6 26.g4 Rc7 27.Kb2 Bd7 28.g5 Ba4 29.Rd2 fxg5
30.Be5 Rc4 31.Rc1 Rxc1 32.Kxc1 Rf8 33.Rd4 a6 34.Kd2 Ke8 35.Bg3 Rf5 36.Kc3 Bc6
37.Rc4 Rd5 38.Rd4  1/2-1/2

[Event "Arctic Chess Challenge"]
[Site "Tromso NOR"]
[Date "2009.08.05"]
[Round "5"]
[White "Thingstad,E"]
[Black "Forsaa,Es"]
[Result "0-1"]
[WhiteElo "2058"]
[BlackElo "2311"]

1.d4 Nf6 2.c4 e6 3.Nc3 Bb4 4.Qc2 O-O 5.a3 Bxc3+ 6.Qxc3 b6 7.Bg5 Ba6 8.e3 d6
9.Bd3 Nbd7 10.Ne2 c5 11.Qc2 h6 12.Bh4 Rc8 13.Qa4 cxd4 14.exd4 Nb8 15.Rd1 Qd7
16.Qb4 d5 17.Bxf6 dxc4 18.Bc2 gxf6 19.Qd2 Kg7 20.Nf4 Qb5 21.O-O Qg5 22.g3 Bb7
23.Rde1 Rfe8 24.h4 Qg4 25.Re3 Kh8 26.Rfe1 Rg8 27.Bd1 Qxf4 28.Kh2 Qf5 29.Bc2 Qh5
30.Re5 fxe5 31.Rxe5 Rg5 32.Re3 Rf5 33.d5 Bxd5 34.Qc3+ Kg8 35.Qd2 Nd7  0-1

[Event "110th US Open"]
[Site "Indianapolis USA"]
[Date "2009.08.08"]
[Round "8"]
[White "Sarkar,J"]
[Black "O'Donnell,R"]
[Result "1-0"]
[WhiteElo "2388"]
[BlackElo "2054"]

1.d4 Nf6 2.c4 e6 3.Nc3 Bb4 4.Qc2 O-O 5.e4 Bxc3+ 6.bxc3 d6 7.e5 dxe5 8.dxe5 Nfd7
9.Nf3 Nc6 10.Ba3 Ndxe5 11.Nxe5 Nxe5 12.Rd1 Qh4 13.Rd4 Qf6 14.Bxf8 Kxf8 15.Qxh7 Ng6
16.h4 e5 17.Rd2 e4 18.h5 Qxc3 19.hxg6 Qc1+ 20.Ke2 Qxc4+ 21.Kd1 Bg4+ 22.f3 Qa4+
23.Ke1 e3 24.Rd3 Qb4+ 25.Ke2 Qb2+ 26.Kxe3 Re8+ 27.Kf4 Qe5+ 28.Kxg4 Qe6+ 29.Kg3 Qe5+
30.f4  1-0

[Event "Arctic Chess Challenge"]
[Site "Tromso NOR"]
[Date "2009.08.08"]
[Round "8"]
[White "Thingstad,E"]
[Black "Kvisla,J"]
[Result "1/2-1/2"]
[WhiteElo "2058"]
[BlackElo "2222"]

1.d4 Nf6 2.c4 e6 3.Nc3 Bb4 4.Qc2 O-O 5.a3 Bxc3+ 6.Qxc3 b6 7.Bg5 Bb7 8.e3 d6
9.Ne2 Nbd7 10.Rd1 h6 11.Bh4 Ne4 12.Bxd8 Nxc3 13.Nxc3 Rfxd8 14.f3  1/2-1/2

[Event "A2Bmedialtd.com Int Gp A"]
[Site "Uxbridge ENG"]
[Date "2009.08.13"]
[Round "2"]
[White "Tozer,R"]
[Black "Adair,J"]
[Result "1-0"]
[WhiteElo "2296"]
[BlackElo "2124"]

1.d4 Nf6 2.c4 e6 3.Nc3 Bb4 4.Qc2 O-O 5.a3 Bxc3+ 6.Qxc3 Ne4 7.Qc2 f5 8.e3 b6
9.Ne2 Bb7 10.f3 Qh4+ 11.g3 Qh5 12.Bg2 Ng5 13.Nf4 Qe8 14.O-O a5 15.b3 d6 16.Bb2 Nd7
17.Rad1 e5 18.dxe5 Nxe5 19.Nd5 Qh5 20.Bxe5 dxe5 21.Nxc7 Nxf3+ 22.Bxf3 Bxf3
23.Nxa8 Bxa8 24.Rd6 Qg5 25.Qd2 h5 26.Rxb6 h4 27.Qf2 Qg4 28.Ra6 Qe4 29.Rxa8 Qxa8
30.Qf3 e4 31.Qh5 hxg3 32.Rxf5 gxh2+ 33.Kh1 Qb8 34.Rxf8+ Qxf8 35.Qd5+ Kh8
36.Qh5+ Kg8 37.Qd5+ Kh8 38.Qxe4 Qf2 39.Qg2 Qxe3 40.Qxh2+ Kg8 41.Qb8+ Kh7
42.Qh2+ Kg8 43.Qb8+ Kh7 44.Qb7 Qh3+ 45.Kg1 Qe3+ 46.Kg2 Qe2+ 47.Kg3 Qe5+ 48.Kf3 Qf5+
49.Ke3 Qg5+ 50.Kd4 Qg1+ 51.Ke5 Qg5+ 52.Kd6 Qf6+ 53.Kd7 Qf7+ 54.Kc6 Qf6+ 55.Kb5 Qc3
56.Qe4+ Kh6 57.Qe6+ Kh5 58.c5 g5 59.c6 g4 60.Qf7+ Kh4 61.c7 Qh8 62.Qe6  1-0

[Event "A2Bmedialtd.com Int Gp B"]
[Site "Uxbridge ENG"]
[Date "2009.08.15"]
[Round "6"]
[White "Arun Prasad,S"]
[Black "Doncea,V"]
[Result "1-0"]
[WhiteElo "2556"]
[BlackElo "2460"]

1.d4 Nf6 2.c4 e6 3.Nc3 Bb4 4.Qc2 O-O 5.a3 Bxc3+ 6.Qxc3 d5 7.Bg5 c5 8.dxc5 d4
9.Qg3 e5 10.Qxe5 Nc6 11.Qf4 Qa5+ 12.Qd2 Qa4 13.Bxf6 gxf6 14.Nf3 Qxc4 15.Rc1 Qd5
16.e3 Bg4 17.Nxd4 Rad8 18.f3 Rfe8 19.Kf2 Qe5 20.Rd1 f5 21.Bb5 f4 22.exf4 Qxc5
23.Bxc6 bxc6 24.Qc3 Qb6 25.b4 Rd5 26.Qxc6 Qd8 27.fxg4 Rd6 28.Qc3 Re4 29.g3 Rdxd4
30.Rxd4 Rxd4 31.Re1 Rd2+ 32.Re2 Rd1 33.Qe3 Kf8 34.Qc5+ Kg8 35.Qe5 Qb6+ 36.Kg2 h6
37.Kh3 Rd3 38.Qe8+ Kg7 39.Qe5+ Kg8 40.Rc2 Qd8 41.Qf5 Qd6 42.Qe4 Qd8 43.Rc6 Kg7
44.Qe5+ Kh7 45.Qh5  1-0

[Event "16th Vienna Open"]
[Site "Vienna AUT"]
[Date "2009.08.17"]
[Round "3"]
[White "Trkulja,G"]
[Black "Cvitan,O"]
[Result "1/2-1/2"]
[WhiteElo "2323"]
[BlackElo "2521"]

1.d4 Nf6 2.c4 e6 3.Nc3 Bb4 4.Qc2 O-O 5.a3 Bxc3+ 6.Qxc3 b6 7.Nf3 Bb7 8.e3 d6
9.Be2 Nbd7 10.O-O c5 11.b4 Qe7 12.Bb2 Ne4  1/2-1/2